Estadísticas para Nombra un País Terminado en "IA" Válido

Haz click aquí para intentar la prueba.

Estadísticas generales

  • Esta prueba ha sido intentada 2.964 veces
  • La puntuación promedio es 8 de 11

Estadísticas de respuestas

Sufijo#Respuesta% Correcto
NIA14Albania | Alemania | Armenia | Eslovenia | Estonia | Jordania | Kenia | Letonia | Lituania | Mauritania | Polonia | Rumania | Tanzania | Ucrania
92%
BIA6Colombia | Gambia | Libia | Namibia | Serbia | Zambia
90%
CIA5Croacia | Francia | Grecia | Santa Lucía | Suecia
87%
LIA5Argelia | Australia | Italia | Mongolia | Somalia
84%
SIA5Bielorrusia | Estados Federados de Micronesia | Indonesia | Malasia | Rusia
83%
QUIA2Eslovaquia | Turquía
82%
RIA6Austria | Bulgaria | Hungria | Liberia | Nigeria | Siria
80%
DIA5Finlandia | India | Islandia | Suazilandia | Tailandia
71%
VIA2Bolivia | Moldavia
59%
GIA1Georgia
49%
PIA1Etiopía
42%

Distribución de puntuación

Porcentaje por número respondido

Porcentaje de gente con cada puntuación

Historial de tus puntuaciones

No has intentado esta prueba.